| 000 | 01929cam a2200469 4500 | ||
|---|---|---|---|
| 003 | PE-LiUPU | ||
| 005 | 20250731173406.0 | ||
| 008 | 2002 miu | ||
| 020 | _a082541170X | ||
| 035 | _a(Sirsi) i9780825411700 | ||
| 035 | _a(Sirsi) 45789 | ||
| 035 | _a(Sirsi) 45789 | ||
| 041 | _aes | ||
| 044 | _aus | ||
| 049 | _aPRUA | ||
| 082 | 0 | 4 |
_a220.1 _bD95 |
| 100 | 1 |
_aDowley, Tim, _eautor. |
|
| 245 |
_aGuía portavoz del mundo de la Bibli : _bmapas a todo color, ilustraciones en perspectiva, tablas y diagramas, artículos de interés bíblico / _cTim Dowley. |
||
| 264 | 1 |
_aGrand Rapids, Michigan : _bPortavoz, _c2002 |
|
| 300 |
_a32 páginas : _bilustraciones ; _c27 centímetros |
||
| 505 | 0 | _a¿Qué es la Biblia? -- La escritura -- Antiguo Testamento: tabla cronológica -- Los padres de la nación -- Libertad: Moisés y el éxodo -- La tierra Prometida -- Los ungidos: Saúl, David y salomón -- El reino dividido -- La tierra. | |
| 526 | _aSEG42 | ||
| 526 | _aSEG41 | ||
| 526 | _aSEG40 | ||
| 526 | _aSEG39 | ||
| 526 | _aP94 | ||
| 526 | _aP87 | ||
| 526 | _aP86 | ||
| 526 | _aP85 | ||
| 526 | _aP77 | ||
| 526 | _aP76 | ||
| 526 | _aP35 | ||
| 630 |
_aBiblia _vIlustraciones |
||
| 942 |
_2ddc _cBOOK |
||
| 949 |
_a220.1 D95 _i64100 _lCCODEBUL1 _mBUL _tLIBRO _o.STAFF. Colección Teología |
||
| 859 |
_q64100 _h220.1 _iD95 |
||
| 910 |
_agl _bjv _cng _d20110811 |
||
| 596 | _a1 | ||
| 999 |
_a220.1 D95 _wDEWEY _c52319 _i63316 _d52319 _e2016-5-23 _f2021-11-9 _g5 _lCCODEBUL1 _mBUL _n1 _p10.00 _r0 _sY _tBOOK _u2015-7-6 _xTEOLOGIA _PP35 _0COMPRA _o.STAFF. Colección Teología |
||
| 999 |
_a220.1 D95 _wDEWEY _c2 _i64100 _d2018-4-8 _f2021-11-9 _g5 _lCCODEBUL1 _mBUL _p15.00 _q2 _r0 _sY _tBOOK _u2015-7-6 _xTEOLOGIA _PP35 _0COMPRA _o.STAFF. Colección General |
||
| 980 |
_81 _gALBERTO SANCHEZ Responsable de Automatización |
||